000 00765nam a2200253Ia 4500
003 OSt
005 20220926020614.0
006 a|||||r|||| 00| 0
007 ta
008 220923b |||||||| |||| 00| 0 eng d
037 _cGeneral Book
040 _aRTL
_cRTL
_beng
041 _2eng
_aeng
082 _aY15.73.N7, L1
100 _aFerriss Abbott L
_9324801
245 0 _aIndicators of trends in the status of American wom
260 _aNew York
_bRussell Sage Foundation
_c1971
300 _axx,451p
_ccm.
490 _aRussell Sage Foundations Series on Social Indicators 4
500 _aBibliography: p 4333-51
650 _aWoman Sociology
942 _hY15.73.N7, L1
_cGB
_2CC
999 _c634641
_d634641